000
00325nam a2200133Ia 4500
008
200103s9999||||xx |||||||||||||| ||und||
040
_a
IMU-MPC
082
_a
Column-23
100
_a
Kelley, John L.
245
0
_a
Algebra A modern introduction
260
_b
D. Van Nostrand Company
_c
1965
300
_a
viii, 335
942
_c
BK
999
_c
6812
_d
6812